[Event "Høstturneringen 2015"]
[Site "Ås, Akershus NOR"]
[Date "2015.09.10"]
[Round "2"]
[White "Bakken, Svein-Erik"]
[Black "Heien, Aksel"]
[Result "1-0"]
[WhiteElo "1346"]
[BlackElo "924"]
[PlyCount "149"]
[EventDate "2015.09.03"]

1. d4 d5 2. c4 e5 3. dxe5 d4 4. a3 Nc6 5. Nf3 Be6 6. b3 a5 7. Qc2 g6 8. h3 Bg7
9. Bf4 h6 10. Nbd2 Bf5 11. Qb2 g5 12. Bg3 Nge7 13. Bh2 Ng6 14. g4 Be6 15. Bg2
Qd7 16. Ne4 b6 17. Nf6+ Bxf6 18. exf6 Qd8 19. Nxg5 Qd7 20. Nxe6 fxe6 21. Be4
Rg8 22. Qc2 Kf7 23. f4 Nf8 24. O-O-O Qe8 25. Rhg1 Rd8 26. g5 hxg5 27. fxg5 Rc8
28. Bxc6 Qxc6 29. Rxd4 Qc5 30. Qb2 Rxg5 31. Rdg4 Qe3+ 32. Kb1 Rxg4 33. Rxg4 Ng6
34. Rd4 Nf8 35. h4 Qh3 36. Be5 Qf1+ 37. Ka2 Qf5 38. Rf4 Qh5 39. Bc3 Rd8 40. Qc2
Ng6 41. Re4 Nxh4 42. Re5 Qh6 43. Qe4 Qxf6 44. Qh7+ Kf8 45. Re3 e5 46. Qxc7 Qd6
47. Qxd6+ Rxd6 48. Rxe5 Kf7 49. c5 bxc5 50. Rxc5 Re6 51. Re5 Rc6 52. Bxa5 Ng6
53. Re4 Ne7 54. Kb2 Nd5 55. Bd2 Nf6 56. Rf4 Ke7 57. e4 Re6 58. e5 Rxe5 59. Rxf6
Re2 60. Rc6 Rxd2+ 61. Kc3 Rd1 62. Rc4 Ke6 63. a4 Kd5 64. Kb4 Rf1 65. a5 Rf8 66.
Rc1 Rb8+ 67. Ka4 Re8 68. b4 Re2 69. a6 Re7 70. b5 Ra7 71. Ka5 Re7 72. b6 Re3
73. b7 Ra3+ 74. Kb6 Rb3+ 75. Ka7 1-0

[Event "Høstturneringen 2015"]
[Site "Ås, Akershus NOR"]
[Date "2015.09.10"]
[Round "2"]
[White "Thowsen, Alf Geir"]
[Black "Kjelstrup, Joachim"]
[Result "1-0"]
[WhiteElo "1205"]
[BlackElo "1062"]
[PlyCount "111"]
[EventDate "2015.09.03"]

1. d4 Nf6 2. c4 e6 3. Nf3 Bb4+ 4. Nbd2 b6 5. a3 Be7 6. e3 Bb7 7. b4 d5 8. cxd5
Nxd5 9. Bb2 O-O 10. Bd3 Nd7 11. Rc1 N7f6 12. O-O Qd7 13. Qc2 Bd6 14. Nc4 Ne7
15. Nxd6 cxd6 16. Qc7 Rac8 17. Qxd7 Nxd7 18. Rfd1 h6 19. Rd2 Rxc1+ 20. Bxc1 Rc8
21. Rc2 Rxc2 22. Bxc2 b5 23. a4 a6 24. Nd2 Nd5 25. axb5 axb5 26. Bd3 Bc6 27.
Ba3 f5 28. e4 Nf4 29. Bc2 Ne2+ 30. Kf1 Nxd4 31. Bb1 g6 32. Bb2 e5 33. Bxd4 exd4
34. exf5 gxf5 35. Bxf5 Nf6 36. Nb3 Bd5 37. Nxd4 Bc4+ 38. Ke1 Kf7 39. Kd2 Nh5
40. g3 Kf6 41. Bd3 Ke5 42. Nxb5 Bxd3 43. Kxd3 Kd5 44. Nd4 Nf6 45. f3 h5 46. h3
Nd7 47. g4 Ne5+ 48. Kc3 hxg4 49. fxg4 Ng6 50. Nf5 Ne5 51. g5 Ke6 52. Nd4+ Kd5
53. h4 Ke4 54. h5 Nd3 55. g6 Nxb4 56. Kxb4 {Svart gir opp} 1-0

[Event "Høstturneringen 2015"]
[Site "Ås, Akershus NOR"]
[Date "2015.09.10"]
[Round "2"]
[White "Moholt, Knut Erik"]
[Black "Aalmo, Alexander"]
[Result "0-1"]
[WhiteElo "1413"]
[BlackElo "1197"]
[Annotator "Lea, Per"]
[PlyCount "96"]
[EventDate "2015.09.03"]

1. d4 d5 2. c4 c6 3. Bf4 Nf6 4. Nf3 e6 5. Nc3 Bd6 6. e3 Bxf4 7. exf4 dxc4 8.
Bxc4 Nd5 9. Ne2 Nd7 10. O-O N7f6 11. Ne5 O-O 12. a3 Qc7 13. Rc1 Bd7 14. Qd3
Rad8 15. g4 Bc8 16. g5 Nh5 17. Qf3 g6 18. Bxd5 Rxd5 19. Rfd1 Ng7 20. Ng4 Ne8
21. Nc3 Rd8 22. Ne4 Qb6 23. Qh3 f5 24. Nh6+ (24. gxf6 Qc7 25. f7+ Rxf7 26. Nh6+
Kh8 27. Nxf7+ Qxf7 28. Ng5 Qg7 29. Nxe6 Bxe6 30. Qxe6 $18) 24... Kg7 25. Qc3
Rd5 26. Nc5 Qd8 27. Re1 Nc7 28. Re5 Rxd4 29. Rce1 Re8 30. R5e3 Qd6 31. Nb3 Nb5
32. Qc2 Rxf4 33. Rd1 Qe7 34. Rg3 e5 35. Nc1 Nd4 36. Qd3 Rd8 37. Kg2 c5 38. Nb3
b6 39. Kf1 Bb7 40. Nxd4 Rfxd4 41. Nxf5+ gxf5 42. Qxf5 Rxd1+ 43. Ke2 Ba6+ 44.
Kf3 Rf8 45. Qxf8+ Qxf8+ 46. Kg4 Qf4+ 47. Kh5 Be2+ 48. f3 Bxf3+ 0-1

[Event "Høstturneringen 2015"]
[Site "Ås, Akershus NOR"]
[Date "2015.09.24"]
[Round "3"]
[White "Støle, Andreas"]
[Black "Fuglseth, Jan"]
[Result "1/2-1/2"]
[WhiteElo "1555"]
[BlackElo "1479"]
[Annotator "Jan Fuglseth"]
[PlyCount "96"]
[EventDate "2015.09.03"]

1. e4 e6 2. d4 d5 3. Nd2 c5 4. c3 $6 (4. exd5 exd5 {er standardvarianten}) 4...
Qb6 $6 {Tvilsomt svar på et uvanlig trekk} 5. Ngf3 Bd7 {Planen er å bytte
hvitfelt løper.} 6. Bd3 Nc6 7. Ne5 Nf6 8. Nxc6 Bxc6 {Stilllingen er helt lik
etter famlende åpningsspill av begge spillere} 9. e5 Nd7 10. Nf3 Bb5 11. O-O
Be7 12. Bg5 Bxd3 13. Qxd3 Qd8 {Lxg5 var bedre. Nå kommer hvit i fordel igjen.}
14. Bxe7 Qxe7 15. a4 c4 {Sort ønsket ikke noen offensiv fra hvit på
dronningfløyen og begrenser mulighetene. Samtidig står hvits dronning og
springer bedre enn sorts. Sort har dog en ide om å løse dette med f6 etterhvert
} 16. Qe2 O-O 17. h3 f6 18. exf6 {Fritz var enig i strategien og vurderer
stillingen til helt lik igjen.} Rxf6 19. Rae1 Nf8 20. Ne5 Ng6 21. Nxg6 Rxg6 22.
f4 Qf7 23. Qe5 Rf8 24. Rf3 {Fritz vurderer hele den seneste utviklingen til en
helt lik stilling. Hvit har muligens noen skumle planer om å fange et tårn med
bøndene. Sort er svært fornøyd med å kunne gjennomnføre følgende trekk.} h5 25.
Ref1 Qf5 26. Qc7 Qf7 27. Qe5 Qf5 {Stillingen er lik og sort er mottagelig for
remis, men hvit vil ikke} 28. Qd6 h4 29. Qe7 {En overseelse av sort, men
trusselen på b7 er minst viktig.} Qf6 30. Qxb7 Rf7 31. Qb8+ Kh7 32. Qd6 {bedre
var b4, men hvit står nå litt bedre uansett} Rg3 33. f5 (33. Rxg3 hxg3 34. Rf3
Qg6 35. Qe5 Qb1+ {ville gitt fordel for sort}) 33... Qg5 34. Rxg3 hxg3 35. Qxe6
{Computeren beregner stillingen til helt lik dersom sort finner det neste
trekket. Hvit får en støkk.} Re7 36. Qg6+ (36. Qxd5 Qe3+ 37. Kh1 Qf2 38. Qf3
Re1 39. Qxf2 gxf2) 36... Qxg6 37. fxg6+ Kxg6 38. Rb1 Re2 39. Kf1 Rc2 40. b4
Rxc3 41. Ke2 Kf5 42. b5 Ra3 {Sort står til klar gevinst i følge de som ikke er
slitne i hodet.} 43. Rf1+ Ke4 44. Rf7 Rxa4 45. Rxg7 Ra2+ 46. Kd1 Ra3 {Txg2
hadde vært en vinner} 47. Rg4+ Kf5 48. Kc2 Ra2+ {REMIS! Sort står klart best,
men remis med sort mot selveste klubbmesteren er akseptabelt for ham. Neste
gang spiller han med større selvtillit. Anbefalt fortsettelse er:} (48... Ra2+
49. Kc3 Rxg2 50. Rg8 Rg1 51. Rf8+ Ke6 52. Rg8 g2 53. Kb2 Kf5 54. Rg4 c3+ 55.
Kc2 Ra1 56. Rxg2 Ra2+ 57. Kxc3 Rxg2) 1/2-1/2

[Event "Høstturneringen 2015"]
[Site "Ås, Akershus NOR"]
[Date "2015.09.26"]
[Round "3"]
[White "Kielland-Lund, Jon"]
[Black "Olsen, Trygve"]
[Result "1-0"]
[WhiteElo "1551"]
[BlackElo "1296"]
[Annotator "Kielland-Lund,Jon"]
[PlyCount "71"]
[EventDate "2015.09.03"]

1. c4 c5 2. Nf3 Nc6 3. d4 cxd4 4. Nxd4 g6 5. Nc3 e5 {? nå blir det en
etterhengende bonde..} 6. Ndb5 d6 {? a6 var nødvendig} 7. Nd5 Rb8 8. Nbc7+ Kd7
9. Nb5 a6 10. Nbc3 {Hesten sto egentelig bra nok på c7.} Bg7 11. g3 Ke8 12. Bg2
Nce7 13. O-O Nxd5 14. Nxd5 Ne7 {?} 15. Bg5 Qd7 {? f6 taper kune en bonde} 16.
Nxe7 f6 17. Nxc8 Rxc8 18. Be3 Rxc4 19. Bd5 Rc8 20. Rc1 Ke7 21. Qb3 Rxc1 22.
Rxc1 Rc8 23. Rxc8 Qxc8 24. Qxb7+ Qxb7 25. Bxb7 a5 26. Bc6 Ke6 27. Bd2 d5 28.
Bxa5 Kd6 29. Ba4 e4 30. Bc3 Kc5 31. e3 h6 32. h4 g5 33. hxg5 hxg5 34. Kg2 Kc4
35. Bc2 Kc5 36. Kh3 {oppgitt, svart har fått nok.} 1-0

[Event "Høstturneringen 2015"]
[Site "Ås, Akershus NOR"]
[Date "2015.09.24"]
[Round "3"]
[White "Heien, Aksel"]
[Black "Moholt, Knut Erik"]
[Result "0-1"]
[WhiteElo "924"]
[BlackElo "1413"]
[PlyCount "62"]
[EventDate "2015.09.03"]

1. e4 e5 2. Nf3 Nc6 3. Bb5 Bc5 4. Bxc6 bxc6 5. d3 d5 6. O-O Bg4 7. h3 Bh5 8.
Nbd2 Nf6 9. Nb3 Bb6 10. Qe2 O-O 11. exd5 e4 12. dxe4 cxd5 13. exd5 Qxd5 14. Rd1
Qc6 15. Nbd4 Bxd4 16. Rxd4 Rfe8 17. Qd3 Bxf3 18. gxf3 Re1+ 19. Kg2 Rae8 20. Rd8
Nh5 21. Rxe8+ Qxe8 22. Qc3 Nf4+ 23. Kh2 Qd7 24. Bxf4 Rxa1 25. a3 Qd1 26. Kg3
Qg1+ 27. Kh4 Qxf2+ 28. Bg3 g5+ 29. Kg4 h5+ 30. Kxh5 Qxg3 31. Qd4 Qxh3+ 0-1

[Event "Høstturneringen 2015"]
[Site "Ås, Akershus NOR"]
[Date "2015.09.17"]
[Round "3"]
[White "Moberg, Jan Rune"]
[Black "Ruud, Kjetil"]
[Result "0-1"]
[WhiteElo "1512"]
[BlackElo "1387"]
[Annotator "Furnes, Torstein"]
[PlyCount "98"]
[EventDate "2015.09.03"]

1. d4 Nf6 2. Bg5 Ne4 3. Bf4 d5 4. f3 Nd6 5. Nc3 c6 6. e4 e6 7. Be3 Be7 8. Bd3
b5 9. b3 Nd7 10. Nge2 Bh4+ 11. g3 Be7 12. O-O f5 13. exd5 exd5 14. Nf4 Nf6 15.
Qd2 O-O 16. Nce2 Qd7 17. c3 a5 18. Bc2 Bd8 19. Nd3 Nh5 20. Nef4 Qe8 21. Ne5
Nxf4 22. Bxf4 Nf7 23. Rae1 Nxe5 24. Bxe5 Qh5 25. f4 Bb6 26. Bd1 Qg6 27. Rf2 Ba6
28. b4 Rae8 29. Rfe2 Re6 30. Bc2 Qf7 31. Qd3 Bc8 32. g4 Qg6 33. Rg2 Re7 34. Kh1
axb4 35. cxb4 Ra7 36. Bb1 Qe6 $2 $18 37. Reg1 ({Førstevalget til Fritz er} 37.
gxf5 Rxf5 38. Qh3 Raf7 39. Rg5 g6 40. Bxf5 Rxf5 41. Qh6 Qf7 42. Rxg6+ Qxg6 43.
Rg1 Qxg1+ 44. Kxg1 $18) 37... g6 38. gxf5 Rxf5 39. Qh3 $2 $19 Qf7 $2 $18 {
Fritz-vurderingen snur nå fra svartfordel på -3 til hvitfordel på +14.} ({
Svart vinner offiser etter} 39... Rxe5 $1 $19) 40. Qh6 ({Teksttrekket vinner
også, men Fritz mener dette er hvits sterkeste fortsettelse:} 40. Rxg6+ $1 Qxg6
41. Bxf5 $18) 40... Rxe5 41. Rxg6+ $2 $19 {Hvit slår med feil brikke på g6.
Fritz-evalueringen snur fra #9 (hvit matter i 9 trekk) til svart fordel på -2.
3.} (41. Bxg6 hxg6 42. Rxg6+ Qxg6 43. Rxg6+ Kf7 44. Qh7+ Kf8 45. Rg8#) 41...
hxg6 42. Rxg6+ Qxg6 43. Bxg6 $2 $19 {Etter dette trekket øker svartfordelen
fra -3 til #18 (matt i 18 trekk).} ({Hvit måtte prøve} 43. Qxg6+ Rg7 44. dxe5
Rxg6 45. Bxg6) 43... Re1+ 44. Kg2 Rxa2+ (44... Bxd4 {er det trekket som vinner
raskest (#15), ifølge Fritz.}) 45. Kf3 Ra3+ 46. Kf2 Re7 47. Qg5 {Svart har nå
matt i 4 trekk.} ({Fritz mener hvit heller må prøve} 47. Bh7+ Rxh7 48. Qg6+ Kh8
49. Qe8+ Kg7 50. Qxc8 Bxd4+ 51. Kg2) 47... Bxd4+ 48. Kg2 Bh3+ 49. Kh1 Re1+ 0-1

[Event "Høstturneringen 2015"]
[Site "Ås, Akershus NOR"]
[Date "2015.09.17"]
[Round "3"]
[White "Furnes, Torstein"]
[Black "Sandvik, Sander"]
[Result "1-0"]
[WhiteElo "1629"]
[BlackElo "917"]
[Annotator "Furnes, Torstein"]
[PlyCount "63"]
[EventDate "2015.09.03"]

1. d4 Nf6 2. c4 e6 3. Nc3 c5 4. d5 exd5 5. cxd5 d6 6. e4 g6 7. Bd3 Bg7 8. Nge2
O-O 9. O-O Na6 10. Bg5 h6 11. Be3 Ng4 12. Bf4 Ne5 13. Bxe5 Bxe5 14. f4 Bg7 15.
Kh1 Nc7 16. Ng3 Rb8 17. Qf3 Qe7 18. Rae1 {Jeg ønsker å forberede e5-bruddet.
Men Fritz mener jeg kunne spilt e5 allerede nå.} (18. e5 $1 dxe5 19. f5 $1 $16)
18... Qh4 ({Fritz vil heller skape motspill på dronningfløyen med} 18... b5)
19. e5 dxe5 20. fxe5 Bg4 21. Qe4 Qg5 22. d6 Ne6 23. Nd5 f5 $2 {Tapstrekket.
Svart mister offiser.} 24. exf6 Bxf6 25. Nxf6+ Rxf6 26. Rxf6 Qxf6 27. Qxg4 Nf4
28. Bc4+ Kh8 29. d7 Qd6 30. Re8+ Kg7 31. Rxb8 (31. Nf5+ Kf6 32. Nxd6) 31...
Qxb8 32. Ne2 ({Fritz-trekket er} 32. Nh5+ $1 Nxh5 33. Qe6 {med matt i 10 trekk.
}) 1-0

[Event "Høstturneringen 2015"]
[Site "Ås, Akershus NOR"]
[Date "2015.09.17"]
[Round "3"]
[White "Andersen, Odd"]
[Black "Brenden, Torbjørn"]
[Result "1-0"]
[WhiteElo "1633"]
[BlackElo "1414"]
[PlyCount "141"]
[EventDate "2015.09.03"]

1. e4 e6 2. d4 d5 3. Bd3 dxe4 4. Bxe4 Nf6 5. Bf3 c5 6. Ne2 Nc6 7. Bxc6+ bxc6 8.
O-O cxd4 9. Nxd4 Qc7 10. Nc3 Be7 11. Be3 O-O 12. Nb3 Ba6 13. Re1 c5 14. Qf3 Bb7
15. Qe2 a6 16. f3 Nd5 17. Bd2 Bf6 18. Qc4 Rac8 19. Kh1 Rfd8 20. a3 Nb6 21. Qe2
Nd5 22. Nxd5 exd5 23. Ba5 Qd6 24. Bxd8 Qxd8 25. c3 Kf8 26. Qe3 Qb6 27. Nd2 Bc6
28. Rab1 d4 29. cxd4 Bxd4 30. Qe7+ Kg8 31. Nc4 Qb8 32. Qd6 Qxd6 33. Nxd6 Rd8
34. Nf5 Bf6 35. Ne7+ Bxe7 36. Rxe7 Bb5 37. Ree1 g6 38. Rbd1 Rc8 39. Kg1 c4 40.
Rc1 Rd8 41. Red1 Re8 42. Rd2 Kg7 43. Kf2 Re6 44. Rc3 h5 45. h4 Rf6 46. Rd4 Re6
47. Re4 Rd6 48. Ke2 f5 49. Ree3 Kf6 50. f4 Rd4 51. g3 Ba4 52. Re5 Bb3 53. Rce3
Rd6 54. Re8 Bc2 55. Rf8+ Kg7 56. Rb8 Be4 57. Re8 Rb6 58. Ke1 Rxb2 59. Rc8 Bd3
60. Rc7+ Kf8 61. Re6 Rg2 62. Rxa6 Be4 63. Rb6 Rg1+ 64. Kf2 Rb1 65. Rxb1 Bxb1
66. Rxc4 Be4 67. Ke3 Bd5 68. Rd4 Be6 69. a4 Ke7 70. a5 Bc8 71. Kd3 1-0

[Event "Høstturneringen 2015"]
[Site "Ås, Akershus NOR"]
[Date "2015.09.17"]
[Round "3"]
[White "Thowsen, Alf Geir"]
[Black "Lea, Per"]
[Result "0-1"]
[WhiteElo "1205"]
[BlackElo "1564"]
[Annotator "Lea, Per"]
[PlyCount "84"]
[EventDate "2015.09.03"]

1. e4 e5 2. Nf3 Nc6 3. Bb5 a6 4. Ba4 Nf6 5. Nc3 b5 6. Bb3 Be7 7. a3 O-O 8. O-O
d6 9. d3 Bg4 10. Be3 Na5 11. Ba2 c5 12. Nd5 Nxd5 13. Bxd5 Rc8 14. h3 Bh5 15.
Qd2 Bxf3 16. gxf3 c4 17. Kh2 (17. a4 Nc6 18. axb5 axb5 19. dxc4 bxc4 $16) 17...
Kh8 18. Rg1 f5 $2 {Overser at bonden ikke kan slås tilbake, selv om jeg
vurderte å gi kvalitet} 19. exf5 cxd3 (19... Rxf5 20. Be6 Rxf3 21. Bxc8 Qxc8
22. Rg3 {men så er det ikke lett se at svart har noe kompensasjon} Rxg3 23.
fxg3 Nb7) 20. Qxd3 Nc4 21. Qe4 Nxe3 (21... Nxb2 22. Be6 Rb8 23. Qc6 Bf6 24. Rg4
(24. Qxa6 Qc7 25. Rab1 Qxc2 26. Rgc1 Qe2 27. Qxd6 $14)) 22. fxe3 Qb6 23. Rg4
Bf6 24. Rag1 Rc5 25. c3 Rfc8 26. h4 (26. Rxg7 $3 Bxg7 27. Qg4 R5c7 28. f6 Rg8 (
28... Bxf6 $4 29. Qg8+ $1 Rxg8 30. Rxg8#) 29. Bxg8 Qb8 30. f7 Rxf7 31. Bxf7 {
og hvit vinner}) 26... a5 27. h5 h6 28. Rg6 Qd8 29. Qd3 Qb6 30. Kh3 b4 31. axb4
axb4 32. c4 (32. Rxg7 $1 Bxg7 33. f6 Bxf6 34. Qg6 Bg5 35. Rxg5 Qb7 (35... hxg5
36. Qh6#) 36. Qxh6+ Qh7 37. Qf6+ Qg7 38. Qxg7#) 32... Ra5 33. Qe2 Ra2 $4 34.
Qg2 (34. c5 Qa6 35. Qg2 Bg5 36. f6 gxf6 37. Rxh6+ Bxh6 38. Qg6 Bg5 39. Be4 Qa7
40. Rxg5 fxg5 41. Qh6+ Kg8 42. Bd5+ Qf7 43. Qg6+ Kh8 44. Bxf7 {1-0}) 34... Bg5
$2 (34... Ra7 {er det eneste trekket som kan by et snev av motstand}) 35. Rxg5
hxg5 36. Qxg5 Ra7 37. f6 Rcc7 38. Qg6 (38. fxg7+ Rxg7 39. Qh6+ Rh7 40. Rg8#)
38... Qb8 39. fxg7+ Rxg7 40. Qh6+ Rh7 41. Qf6+ Rag7 42. h6 $4 {Kaster overbord
en soleklar vinststilling} (42. Rxg7 Rxg7 43. h6 Qa7 44. Qf8+ Kh7 45. Be4+ Kxh6
46. Qf6+ Kh5 (46... Rg6 47. Qxg6#) 47. Qh4#) 42... Rxh6+ {... og hvit ga opp i
en trolig remisstilling hvor han vil sitte igjen med tårn, løper og bonde for
dronninga (43.Dxh6+ Th7 44.Dxh7+ Kxh7)} 0-1

[Event "Høstturneringen 2015"]
[Site "Ås, Akershus NOR"]
[Date "2015.09.17"]
[Round "3"]
[White "Aalmo, Alexander"]
[Black "Naasen, Nils"]
[Result "1/2-1/2"]
[WhiteElo "1197"]
[BlackElo "1314"]
[PlyCount "73"]
[EventDate "2015.09.03"]

1. d4 f5 2. h3 Nf6 3. g4 fxg4 4. hxg4 Nxg4 5. Qd3 g6 6. Rxh7 Rxh7 7. Qxg6+ Rf7
8. Qxg4 d5 9. Qh5 Qd6 10. Nf3 Bf5 11. Ne5 Qe6 12. Qxf7+ Qxf7 13. Nxf7 Kxf7 14.
Bg2 c6 15. Nc3 e6 16. e4 dxe4 17. Nxe4 Be7 18. Bf4 Nd7 19. O-O-O Rg8 20. Bg3
Nf6 21. Nd2 Nh5 22. Nf1 Bg5+ 23. Kb1 Bf4 24. Bxf4 Nxf4 25. Bf3 Rg1 26. Ne3
Rxd1+ 27. Bxd1 Kf6 28. f3 e5 29. dxe5+ Kxe5 30. Nf1 Ng2 31. Kc1 Kf4 32. c4 Bd3
33. Nd2 Ke3 34. c5 Ne1 35. b3 Ng2 36. a3 Nf4 37. b4 1/2-1/2

[Event "Høstturneringen 2015"]
[Site "Ås, Akershus NOR"]
[Date "2015.09.17"]
[Round "3"]
[White "Simonsen, Steinar"]
[Black "Samset, Jon"]
[Result "1/2-1/2"]
[WhiteElo "1227"]
[BlackElo "1113"]
[PlyCount "111"]
[EventDate "2015.09.03"]

1. c4 g6 2. d4 Bg7 3. Nc3 Nf6 4. g3 O-O 5. Bg2 Nc6 6. Nf3 d6 7. O-O Bg4 8. h3
Bd7 9. e4 Qc8 10. Kh2 Nh5 11. Re1 f5 12. exf5 gxf5 13. d5 Na5 14. Ng5 Nf6 15.
Rxe7 Nxc4 16. Ne6 Bxe6 17. Rxe6 Ne5 18. f4 Ng6 19. Be3 h5 20. Bd4 h4 21. Bxf6
Bxf6 22. Qh5 hxg3+ 23. Kxg3 Kg7 24. Qf3 Rh8 25. Kh2 Rh4 26. Ne2 Bxb2 27. Rg1
Qh8 28. Bf1 Bf6 29. Ng3 Rxf4 30. Nxf5+ Kf7 31. Qd3 Rf2+ 32. Bg2 Nf4 33. Qg3
Nxe6 34. dxe6+ Kxe6 35. Qxf2 Qh5 36. Re1+ Kf7 37. Bd5+ Kg6 38. Qg3+ Kh7 39. Be4
Kh8 40. Rg1 Qf7 41. Qf3 Rg8 42. Qb3 Be5+ 43. Kh1 Rxg1+ 44. Kxg1 Qxb3 45. axb3
b5 46. Ne7 Bd4+ 47. Kg2 a5 48. Nc6 Bc3 49. h4 a4 50. bxa4 bxa4 51. Bd5 a3 52.
Kf3 Kg7 53. Kg4 Kh6 54. Bf7 Kg7 55. Ba2 Bb2 56. Kf3 1/2-1/2

[Event "Høstturneringen 2015"]
[Site "Ås, Akershus NOR"]
[Date "2015.09.17"]
[Round "3"]
[White "Petersen, Rune J"]
[Black "Bakken, Svein-Erik"]
[Result "0-1"]
[WhiteElo "857"]
[BlackElo "1346"]
[PlyCount "96"]
[EventDate "2015.09.03"]

1. d4 d5 2. Nf3 c5 3. e3 e6 4. Bb5+ Nc6 5. c3 Bd7 6. Nbd2 a6 7. Bxc6 Bxc6 8.
Ne5 cxd4 9. Nxc6 bxc6 10. exd4 Nf6 11. Nf3 Be7 12. Ne5 Qb6 13. O-O O-O 14. b4
a5 15. Bg5 Qb7 16. Bxf6 Bxf6 17. a3 axb4 18. axb4 Rxa1 19. Qxa1 Bxe5 20. dxe5
Ra8 21. Qb2 Qa7 22. Rb1 h6 23. g3 Qa6 24. Kg2 Qc4 25. Re1 Ra2 26. Qc1 Re2 27.
Rxe2 Qxe2 28. Qe3 Qxe3 29. fxe3 Kf8 30. Kf3 Ke7 31. e4 Kd7 32. Ke3 Kc7 33. Kd4
Kb6 34. exd5 cxd5 35. c4 dxc4 36. Kxc4 f5 37. exf6 gxf6 38. Kd4 Kb5 39. Ke4
Kxb4 40. Kf4 Kc5 41. h4 Kd5 42. g4 Kd4 43. h5 Kd3 44. g5 fxg5+ 45. Kg4 e5 46.
Kf5 e4 47. Kg6 e3 48. Kxh6 e2 0-1

[Event "Høstturneringen 2015"]
[Site "Ås, Akershus NOR"]
[Date "2015.09.17"]
[Round "3"]
[White "Garmark, Vegard"]
[Black "Alnes, Tord"]
[Result "0-1"]
[WhiteElo "1226"]
[BlackElo "1059"]
[PlyCount "76"]
[EventDate "2015.09.03"]

1. e4 d6 2. d4 g6 3. c4 Bg7 4. Nf3 Nf6 5. Nc3 Nbd7 6. Bf4 Nh5 7. Bg3 Nxg3 8.
hxg3 e5 9. dxe5 Nxe5 10. Nxe5 Bxe5 11. f4 Bxc3+ 12. bxc3 Qf6 13. Qd4 Qxd4 14.
cxd4 f5 15. e5 dxe5 16. fxe5 Bd7 17. Kd2 c6 18. Re1 Be6 19. Kc3 Rc8 20. Be2 O-O
21. a4 b5 22. axb5 cxb5 23. d5 Bxd5 24. Kd4 Bxc4 25. Bxc4+ Rxc4+ 26. Ke3 Re4+
27. Kd3 Rd8+ 28. Kc3 b4+ 29. Kb3 Rd3+ 30. Kc2 Rxg3 31. Rd1 b3+ 32. Kb1 Rxe5 33.
Rd8+ Kg7 34. Rd7+ Kf6 35. Rxa7 Rxg2 36. Raxh7 b2 37. Rb7 Re7 38. Rb6+ Kg5 0-1

[Event "Høstturneringen 2015"]
[Site "Ås, Akershus NOR"]
[Date "2015.10.01"]
[Round "4"]
[White "Ruud, Kjetil"]
[Black "Støle, Andreas"]
[Result "0-1"]
[WhiteElo "1387"]
[BlackElo "1555"]
[Annotator "Støle, Andreas"]
[PlyCount "128"]
[EventDate "2015.09.03"]

1. e4 c5 2. c3 {Alapin variation} d5 3. exd5 Qxd5 4. Nf3 (4. d4 {Is more
common.}) 4... Nc6 5. d4 Bg4 6. c4 {Now white is in trouble} Qe4+ 7. Be2 {is
the best alternative for white} (7. Qe2 Bxf3 8. gxf3) 7... Bxf3 8. gxf3 Qxd4 {
Black is a pawn up, but it will take some time to develop his pieces and get
his king in safety. Meanwhile white can bring down a storm on black with fast
developement and some play in the d-file.} 9. Nc3 e6 (9... O-O-O {Is a good
move for black}) 10. Be3 {White is developing his pieces by chasing the black
queen, but black does not want to exchange queens and give white a rook in the
d-file with tempo.} Qd8 11. Ne4 Qc7 {A tricky move, now White cant take the
pawn on c5 because of Qa5+.} 12. Qa4 b6 13. Bf4 (13. O-O-O {getting the King
in safety and a rook in the open d-file. Looks promising for white}) 13... Qb7
(13... Qxf4 $4 14. Qxc6+ $1 {Game over!} Ke7 15. Qb7+ Ke8 16. Qxa8+) 14. Rd1 {
again, castling on the queenside would have been an improvement.} Nf6 {Trying
to trade off white's well placed knight} 15. Bd6 {Not best move, but its hard
to find the best way for white to continue his attack, castling kingside could
be an option.} Nxe4 16. Bxf8 Kxf8 17. fxe4 Nd4 {What an outpost for the black
knight!} 18. f3 {Comparing the minor pieces, the black knight is clearly
better!} Qe7 19. h4 g6 20. Kf2 Kg7 21. Qa3 e5 22. h5 Rhf8 23. Qe3 g5 24. h6+
Kh8 25. Bf1 f5 {Opens up the f-file, attacking the white king} 26. exf5 Rxf5
27. Qe4 Rxf3+ 28. Kg2 Raf8 {Black has a huge advantage, computer gives it (-+8)
.} 29. Rh3 Rf2+ (29... R3f4 30. Qe1 Qe6 31. Rg3 Qc6+ 32. Kg1 Rxf1+ 33. Qxf1
Rxf1+ 34. Rxf1 Ne2+) 30. Kg1 R2f4 31. Qe3 Qf6 32. Bg2 Rf2 33. Rd2 Rxd2 (33...
Rxg2+ 34. Rxg2 g4 35. Rxg4 Qf1+ 36. Kh2 Rf2+) 34. Qxd2 Qf4 35. Qe1 g4 36. Rh5
Nf3+ $2 {Trading blacks "super"knight for whites awful bishop. Bad trade} 37.
Bxf3 gxf3 38. Qxe5+ Qxe5 {Due poor time, Black didnt find the best moves and
now the position is about equal.} 39. Rxe5 Kg8 40. Re7 Rf6 41. Rg7+ Kh8 42.
Rxa7 Rxh6 43. Rf7 Rd6 44. Rxf3 Kg7 {Black is activating his king} 45. Rf2 Rg6+
{Black would like to trade of rooks because of his pawn on h7.} 46. Kh2 Rf6 47.
Rd2 h6 48. Kg3 Kg6 49. a3 Kf5 50. b4 Ke4 51. bxc5 bxc5 52. Kg4 $2 {A last
blunder from white.} (52. Rd5 Rc6 {And it would have been a draw}) 52... Ke3
53. Rh2 Kd3 54. a4 Kxc4 55. Rc2+ Kb4 56. a5 c4 57. Ra2 Ra6 58. Kf4 Rxa5 59. Rh2
c3 60. Ke4 Kc4 61. Rxh6 c2 62. Rh1 Kc3 63. Rh3+ Kb2 64. Rh2 Kb1 {White resigns}
0-1